Composition analysis of macronutrition and micronutrition in fish and other aquatic animal species. ការញែកខៃតូសានពីសម្បកបង្គាដោយសារធាតុគីមី (Record no. 8997)
[ view plain ]
| 000 -LEADER | |
|---|---|
| fixed length control field | 00600nam a22001577a 4500 |
| 003 - CONTROL NUMBER IDENTIFIER | |
| control field | OSt |
| 005 - DATE AND TIME OF LATEST TRANSACTION | |
| control field | 20160823091945.0 |
| 008 - FIXED-LENGTH DATA ELEMENTS--GENERAL INFORMATION | |
| fixed length control field | 160822b xxu||||| |||| 00| 0 eng d |
| 040 ## - CATALOGING SOURCE | |
| Transcribing agency | RUA |
| 082 ## - DEWEY DECIMAL CLASSIFICATION NUMBER | |
| Classification number | AGI LOR 2015 B512 Or.1 |
| 100 ## - MAIN ENTRY--PERSONAL NAME | |
| 9 (RLIN) | 9344 |
| Personal name | LORN CHAMRAEUN; លន ចំរើន |
| 245 ## - TITLE STATEMENT | |
| Title | Composition analysis of macronutrition and micronutrition in fish and other aquatic animal species. ការញែកខៃតូសានពីសម្បកបង្គាដោយសារធាតុគីមី |
| 260 ## - PUBLICATION, DISTRIBUTION, ETC. (IMPRINT) | |
| Place of publication, distribution, etc. | RUA |
| Name of publisher, distributor, etc. | LOR |
| Date of publication, distribution, etc. | 2015 |
| 300 ## - PHYSICAL DESCRIPTION | |
| Extent | viii.34p. |
| Other physical details | ill. |
| Dimensions | 29cm. |
| 942 ## - ADDED ENTRY ELEMENTS (KOHA) | |
| Source of classification or shelving scheme | |
| Koha item type | AGI |
| Price effective from | Date last seen | Permanent Location | Not for loan | Date acquired | Source of classification or shelving scheme | Koha item type | Lost status | Withdrawn status | Date last checked out | Total Checkouts | Shelving location | Damaged status | Barcode | Current Location | Full call number |
|---|---|---|---|---|---|---|---|---|---|---|---|---|---|---|---|
| 2016-08-22 | 2016-08-22 | Library Block B | 2016-08-22 | AGI | B512 | RUA060626 | Library Block B | AGI LOR 2015 B512 Or.1 | |||||||
| 2016-08-22 | 2018-06-19 | Library Block B | 2016-08-22 | AGI | 2018-06-04 | 1 | B512 | RUA060712 | Library Block B | AGI LOR 2015 B512 Or.2 | |||||
| 2016-08-22 | 2016-08-22 | Library Block B | 2016-08-22 | AGI | B512 | RUA061261 | Library Block B | AGI LOR 2015 B512 Or.3 | |||||||
| 2016-08-22 | 2026-01-26 | Library Block B | 2016-08-22 | AGI | 2025-12-19 | 1 | B512 | RUA061289 | Library Block B | AGI LOR 2015 B512 Or.4 | |||||
| 2016-08-22 | 2016-08-22 | Library Block B | 2016-08-22 | AGI | B512 | RUA060091 | Library Block B | AGI LOR 2015 B512 Or.5 | |||||||
| 2016-08-22 | 2019-04-02 | Library Block B | 2016-08-22 | AGI | 2019-03-27 | 1 | B512 | RUA055871 | Library Block B | AGI LOR 2015 B512 Or.6 | |||||
| 2016-08-22 | 2016-08-22 | Library Block B | 2016-08-22 | AGI | B512 | RUA060806 | Library Block B | AGI LOR 2015 B512 Or.7 | |||||||
| 2016-08-22 | 2016-08-22 | Library Block B | 2016-08-22 | AGI | B512 | RUA061175 | Library Block B | AGI LOR 2015 B512 Or.8 | |||||||
| 2016-08-22 | 2016-08-22 | Library Block B | 2016-08-22 | AGI | RUA060551 | Library Block B | AGI LOR 2015 B512 Or.9 | ||||||||
| 2016-08-22 | 2016-08-22 | Library Block B | 2016-08-22 | AGI | RUA061072 | Library Block B | AGI LOR 2015 B512 Or.10 |